| 000 | 00483nam a2200169Ia 4500 | ||
|---|---|---|---|
| 008 | 191127s9999 xx 000 0 und d | ||
| 100 | _aNesse, Randolph M. | ||
| 245 | 4 | _aThe Puzzle of the unbalance mind/ | |
| 245 | _cRandolph M. Nesse | ||
| 260 | _bSussex Publisher | ||
| 260 | _c2019 | ||
| 300 | _aPages 74-82, March/April 2019 | ||
| 440 |
_aPsychology Today: Silence your inner critic _v52: 2 |
||
| 650 | _aMental capacity | ||
| 650 | _amind | ||
| 650 | _anatural selection | ||
| 999 |
_c362727 _d362727 |
||